Flags and more! - Statistiques

Statistiques générales
  • Ce quiz a été pris 144 fois
    136 depuis la dernière actualisation
  • Le résultat moyen est 6 sur 15
Statistiques - réponses
Question Réponse % Correct
Country created on X (Twitter) to make fun of Americans geography level Listenbourg
74%
Has a temple on its flag Cambodia
67%
Shares a land border with another country
51%
What's the Mali's flag?
50%
What's the particularity of Nordics flags? They all have the Scandinavian Cross
50%
Which French overseas territory is the closest to Canada? Saint-Pierre-et-Miquelon
48%
The two countries on the South American continent which aren't sharing a land border with Brasil Chilie and Equator
42%
Which flag do not have the Union Jack? Grenade
42%
Find the odd one out! Have ONE yellow star on its flag China
27%
Has (at least) one weapon on its flag Zambia
27%
What's the complete name of Germany in German? Bundesrepublik Deutschland
24%
Find the odd one out! Shares a border with Guiana
23%
Which country in Oceania was almost considerate as a new continent? New Zealand
11%
What's the old Myanmar name? Myan-Marie
9%
Which flag contains a weapon? Malta
8%
Aucun quiz correspondant
Distribution des résultats
% des personnes avec chaque résultat
Percentile par nombre de réponses
Votre historique - résultats
Vous n’avez pas pris ce quiz depuis la dernière actualisation